Online katalóg knižníc regiónu Turca

Máme radi počty / (Record no. 21297)

MARC details
000 -LEADER
fixed length control field 01178nam a2200385 a 4500
001 - CONTROL NUMBER
control field 21297
003 - CONTROL NUMBER IDENTIFIER
control field CZ PrNK
005 - DATE AND TIME OF LATEST TRANSACTION
control field 20260226115720.0
007 - PHYSICAL DESCRIPTION FIXED FIELD--GENERAL INFORMATION
fixed length control field ta
008 - FIXED-LENGTH DATA ELEMENTS--GENERAL INFORMATION
fixed length control field 100413s2010 xr a a 000 1 slo
015 ## - NATIONAL BIBLIOGRAPHY NUMBER
National bibliography number cnb002096308
020 ## - INTERNATIONAL STANDARD BOOK NUMBER
International Standard Book Number 9788025213711
Qualifying information (brož.)
035 ## - SYSTEM CONTROL NUMBER
System control number (OCoLC)649801257
040 ## - CATALOGING SOURCE
Original cataloging agency OLA001
Language of cataloging cze
041 1# - LANGUAGE CODE
Language code of text/sound track or separate title slo
Language code of original eng
072 #7 - SUBJECT CATEGORY CODE
Subject category code 821-93
Subject category code subdivision Literatura pro děti a mládež (beletrie)
Source Konspekt
080 ## - UNIVERSAL DECIMAL CLASSIFICATION NUMBER
Universal Decimal Classification number 821-93
Edition identifier MRF
080 ## - UNIVERSAL DECIMAL CLASSIFICATION NUMBER
Universal Decimal Classification number (0.025.2)
Edition identifier MRF
245 00 - TITLE STATEMENT
Title Máme radi počty /
Statement of responsibility, etc. [z anglického originálu preložila Elena Kotová]
250 ## - EDITION STATEMENT
Edition statement 1. vyd.
260 ## - PUBLICATION, DISTRIBUTION, ETC.
Place of publication, distribution, etc. V Prahe :
Name of publisher, distributor, etc. Egmont,
Date of publication, distribution, etc. 2010
300 ## - PHYSICAL DESCRIPTION
Extent [10] s. :
Other physical details barev. il. ;
Dimensions 16 cm
500 ## - GENERAL NOTE
General note Nad názvem: Disney
500 ## - GENERAL NOTE
General note Zpracováno na základě knihy A.A. Milnea a E.H. Sheparda Winnie the Pooh
500 ## - GENERAL NOTE
General note Kartonové listy
655 #7 - INDEX TERM--GENRE/FORM
Genre/form data or focus term leporela
Source of term czenas
655 #7 - INDEX TERM--GENRE/FORM
Genre/form data or focus term publikace pro děti
Source of term czenas
655 #9 - INDEX TERM--GENRE/FORM
Genre/form data or focus term folding picture-books
Source of term eczenas
655 #9 - INDEX TERM--GENRE/FORM
Genre/form data or focus term children's literature
Source of term eczenas
710 2# - ADDED ENTRY--CORPORATE NAME
Corporate name or jurisdiction name as entry element Walt Disney Enterprises
765 0# - ORIGINAL LANGUAGE ENTRY
Title Numbers
901 ## - LOCAL DATA ELEMENT A, LDA (RLIN)
b 9788025213711
f 1. vyd.
o 20100513
910 ## - USER-OPTION DATA (OCLC)
User-option data ABA001
942 ## - ADDED ENTRY ELEMENTS (KOHA)
Source of classification or shelving scheme Dewey Decimal Classification
Koha item type Krásna literatúra pre deti
Suppress in OPAC No
Holdings
Stav vyradenia Strata Poškodenie Spôsob nadobudnutia Domovská knižnica Aktuálna knižnica Dátum nadobudnutia Total checkouts Čiarový kód exemplára Date last seen Typ exemplára
      Dar Obecná knižnica Turčianska Štiavnička Obecná knižnica Turčianska Štiavnička 26.02.2026   4738000074 26.02.2026 Krásna literatúra pre deti
Projekt je podporený Slovenskou asociáciou knižníc
Prevádzkuje Turčianska knižnica Martin 2026